Modern railroads.

Bibliographic Details
New Title:Railway age
Previous Title:MR, Modern railroads/rail transit
Uniform Title:Modern railroads (Cahners Pub. Co. : 1982)
Format: Journal
Language:English
Published: [Des Plaines, Ill.] : [Cahners Pub. Co.], [©1982-©1991]
Subjects:
Online Availability: Check for online availability

MARC

Tag First Indicator Second Indicator Subfields
LEADER 00000cas a2200000 a 4500
001 in00000016957
005 20151007053337.0
008 821014d19821991ilusr1p |||| 0uuua0eng d
010 |a  82647115  
022 0 |a 0736-2064  |9 0161-1445 
032 |a 357820  |b USPS 
035 |a (OCoLC)08860685 
035 |9 AAB1297AM 
040 |a SYB  |c SYB  |d DLC  |d NSD  |d NST  |d DLC  |d NST  |d NSD  |d NST  |d AIP   |d NST  |d AIP  |d NST  |d NSD  |d TXA  |d UtOrBLW 
042 |a lc  |a nsdp 
049 |a TXAE 
050 0 0 |a TF1  |b .M57 
130 0 |a Modern railroads (Cahners Pub. Co. : 1982) 
210 0 |a Mod. railr.  |b (1982) 
222 0 |a Modern railroads  |b (1982) 
245 1 0 |a Modern railroads. 
264 1 |a [Des Plaines, Ill.] :  |b [Cahners Pub. Co.],  |c [©1982-©1991] 
300 |a 6 volumes :  |b illustrations ;  |c 28 cm. 
336 |a text  |b txt  |2 rdacontent 
337 |a unmediated  |b n  |2 rdamedia 
338 |a volume  |b nc  |2 rdacarrier 
362 0 |a [Vol. 37, no. 9] (Sept. 1982)-v. 46, no. 7 (June 1991). 
500 |a Title from cover. 
500 |a Imprint varies. 
580 |a Absorbed by: Railway age. 
650 0 |a Railroads  |v Periodicals. 
780 0 0 |t MR, Modern railroads/rail transit  |x 0193-3272 (DLC)80643295 (OCoLC)3936432 
785 1 4 |t Railway age  |w (OCoLC)1855790 
999 |a MARS 
999 f f |s 5655bebf-b0cd-3599-8e1c-be51d0d13dfe  |i 058f0e9a-6b57-36d6-8dfe-b44edc05691f  |t 0 
952 f f |p ric  |a Texas A&M University  |b Rellis Campus  |c Joint Library Facility  |d Remote Storage  |t 0  |e TF1 .M57  |h Library of Congress classification  |i unmediated -- volume  |k v.42  |l 1987:July-Dec.  |m A14841988810 
952 f f |p ric  |a Texas A&M University  |b Rellis Campus  |c Joint Library Facility  |d Remote Storage  |t 0  |e TF1 .M57  |h Library of Congress classification  |i unmediated -- volume  |k v.37  |l 1982:Jan.-June  |m A14841989198 
952 f f |p ric  |a Texas A&M University  |b Rellis Campus  |c Joint Library Facility  |d Remote Storage  |t 0  |e TF1 .M57  |h Library of Congress classification  |i unmediated -- volume  |k v.30  |l 1975::July-Dec.  |m A14841971337 
952 f f |p ric  |a Texas A&M University  |b Rellis Campus  |c Joint Library Facility  |d Remote Storage  |t 0  |e TF1 .M57  |h Library of Congress classification  |i unmediated -- volume  |k v.43:no.8-15  |l 1988:May-Aug.  |m A14841988752 
952 f f |p ric  |a Texas A&M University  |b Rellis Campus  |c Joint Library Facility  |d Remote Storage  |t 0  |e TF1 .M57  |h Library of Congress classification  |i unmediated -- volume  |k v.38  |l 1983:July-Dec.  |m A14841989172 
952 f f |p ric  |a Texas A&M University  |b Rellis Campus  |c Joint Library Facility  |d Remote Storage  |t 0  |e TF1 .M57  |h Library of Congress classification  |i unmediated -- volume  |k v.45:no.1-10  |l 1990  |m A14841988703 
952 f f |p ric  |a Texas A&M University  |b Rellis Campus  |c Joint Library Facility  |d Remote Storage  |t 0  |e TF1 .M57  |h Library of Congress classification  |i unmediated -- volume  |k v.40  |l 1986:Jan.-June  |m A14841971345 
952 f f |p ric  |a Texas A&M University  |b Rellis Campus  |c Joint Library Facility  |d Remote Storage  |t 0  |e TF1 .M57  |h Library of Congress classification  |i unmediated -- volume  |k v.35  |l 1980:Jan.-June  |m A14841971261 
952 f f |p ric  |a Texas A&M University  |b Rellis Campus  |c Joint Library Facility  |d Remote Storage  |t 0  |e TF1 .M57  |h Library of Congress classification  |i unmediated -- volume  |k v.33  |l 1978:Jan.-June  |m A14841971303 
952 f f |p ric  |a Texas A&M University  |b Rellis Campus  |c Joint Library Facility  |d Remote Storage  |t 0  |e TF1 .M57  |h Library of Congress classification  |i unmediated -- volume  |k v.31  |l 1976:July-Dec.  |m A14841971329 
952 f f |p ric  |a Texas A&M University  |b Rellis Campus  |c Joint Library Facility  |d Remote Storage  |t 0  |e TF1 .M57  |h Library of Congress classification  |i unmediated -- volume  |k v.44:no.1-7  |l 1989  |m A14841988778 
952 f f |p ric  |a Texas A&M University  |b Rellis Campus  |c Joint Library Facility  |d Remote Storage  |t 0  |e TF1 .M57  |h Library of Congress classification  |i unmediated -- volume  |k v.44:no.16-24  |l 1989  |m A14841988711 
952 f f |p ric  |a Texas A&M University  |b Rellis Campus  |c Joint Library Facility  |d Remote Storage  |t 0  |e TF1 .M57  |h Library of Congress classification  |i unmediated -- volume  |k v.35  |l 1980:July-Dec.  |m A14841971279 
952 f f |p ric  |a Texas A&M University  |b Rellis Campus  |c Joint Library Facility  |d Remote Storage  |t 0  |e TF1 .M57  |h Library of Congress classification  |i unmediated -- volume  |k v.32  |l 1977:Jan.-June  |m A14841971295 
952 f f |p ric  |a Texas A&M University  |b Rellis Campus  |c Joint Library Facility  |d Remote Storage  |t 0  |e TF1 .M57  |h Library of Congress classification  |i unmediated -- volume  |k v.40  |l 1985:July-Dec.  |m A14841971378 
952 f f |p ric  |a Texas A&M University  |b Rellis Campus  |c Joint Library Facility  |d Remote Storage  |t 0  |e TF1 .M57  |h Library of Congress classification  |i unmediated -- volume  |k v.36  |l 1981:July-Dec.  |m A14841989206 
952 f f |p ric  |a Texas A&M University  |b Rellis Campus  |c Joint Library Facility  |d Remote Storage  |t 0  |e TF1 .M57  |h Library of Congress classification  |i unmediated -- volume  |k v.41  |l 1986:Jan.-June  |m A14841971360 
952 f f |p ric  |a Texas A&M University  |b Rellis Campus  |c Joint Library Facility  |d Remote Storage  |t 0  |e TF1 .M57  |h Library of Congress classification  |i unmediated -- volume  |k v.39  |l 1984:Jan.-June  |m A14841989164 
952 f f |p ric  |a Texas A&M University  |b Rellis Campus  |c Joint Library Facility  |d Remote Storage  |t 0  |e TF1 .M57  |h Library of Congress classification  |i unmediated -- volume  |k v.31  |l 1976:Jan.-June  |m A14841971311 
952 f f |p ric  |a Texas A&M University  |b Rellis Campus  |c Joint Library Facility  |d Remote Storage  |t 0  |e TF1 .M57  |h Library of Congress classification  |i unmediated -- volume  |k v.34  |l 1979:July-Dec.  |m A14841971253 
952 f f |p serial  |a Texas A&M University  |b Rellis Campus  |c Joint Library Facility  |d Remote Storage  |t 0  |e TF1 .M57  |h Library of Congress classification  |i unmediated -- volume  |k v.43:no.16-23  |l 1988:Sept.-Dec.  |m A14811717976 
952 f f |p ric  |a Texas A&M University  |b Rellis Campus  |c Joint Library Facility  |d Remote Storage  |t 0  |e TF1 .M57  |h Library of Congress classification  |i unmediated -- volume  |k v.43:no.16-23  |l 1988  |m A14841988745 
952 f f |p ric  |a Texas A&M University  |b Rellis Campus  |c Joint Library Facility  |d Remote Storage  |t 0  |e TF1 .M57  |h Library of Congress classification  |i unmediated -- volume  |k v.34  |l 1979:Jan.-June  |m A14841971238 
952 f f |p ric  |a Texas A&M University  |b Rellis Campus  |c Joint Library Facility  |d Remote Storage  |t 0  |e TF1 .M57  |h Library of Congress classification  |i unmediated -- volume  |k v.33  |l 1978:July-Dec.  |m A14841971246 
952 f f |p ric  |a Texas A&M University  |b Rellis Campus  |c Joint Library Facility  |d Remote Storage  |t 0  |e TF1 .M57  |h Library of Congress classification  |i unmediated -- volume  |k v.42:  |l 1987:Jan.-June  |m A14841988786 
952 f f |p ric  |a Texas A&M University  |b Rellis Campus  |c Joint Library Facility  |d Remote Storage  |t 0  |e TF1 .M57  |h Library of Congress classification  |i unmediated -- volume  |k v.37  |l 1982:July-Dec.  |m A14841989180 
952 f f |p ric  |a Texas A&M University  |b Rellis Campus  |c Joint Library Facility  |d Remote Storage  |t 0  |e TF1 .M57  |h Library of Congress classification  |i unmediated -- volume  |k v.36  |l 1981:Jan.-June  |m A14841971212 
952 f f |p ric  |a Texas A&M University  |b Rellis Campus  |c Joint Library Facility  |d Remote Storage  |t 0  |e TF1 .M57  |h Library of Congress classification  |i unmediated -- volume  |k v.39  |l 1984:July-Dec.  |m A14841971352 
952 f f |p ric  |a Texas A&M University  |b Rellis Campus  |c Joint Library Facility  |d Remote Storage  |t 0  |e TF1 .M57  |h Library of Congress classification  |i unmediated -- volume  |k v.32  |l 1977:July-Dec.  |m A14841971287 
952 f f |p ric  |a Texas A&M University  |b Rellis Campus  |c Joint Library Facility  |d Remote Storage  |t 0  |e TF1 .M57  |h Library of Congress classification  |i unmediated -- volume  |k v.44:no.8-15  |l 1989  |m A14841988760 
952 f f |p ric  |a Texas A&M University  |b Rellis Campus  |c Joint Library Facility  |d Remote Storage  |t 0  |e TF1 .M57  |h Library of Congress classification  |i unmediated -- volume  |k v.45:no.11-20  |l 1990  |m A14841988737 
952 f f |p ric  |a Texas A&M University  |b Rellis Campus  |c Joint Library Facility  |d Remote Storage  |t 0  |e TF1 .M57  |h Library of Congress classification  |i unmediated -- volume  |k v.46:no.1-7  |l 1991  |m A14841988729 
952 f f |p ric  |a Texas A&M University  |b Rellis Campus  |c Joint Library Facility  |d Remote Storage  |t 0  |e TF1 .M57  |h Library of Congress classification  |i unmediated -- volume  |k v.41  |l 1986:July-Dec.  |m A14841988794 
952 f f |p ric  |a Texas A&M University  |b Rellis Campus  |c Joint Library Facility  |d Remote Storage  |t 0  |e TF1 .M57  |h Library of Congress classification  |i unmediated -- volume  |k v.43:no.1-7  |l 1988:Jan.-Apr.  |m A14841988802 
952 f f |p ric  |a Texas A&M University  |b Rellis Campus  |c Joint Library Facility  |d Remote Storage  |t 0  |e TF1 .M57  |h Library of Congress classification  |i unmediated -- volume  |k v.38  |l 1983:Jan.-June  |m A14841971220 
998 f f |a TF1 .M57  |s v.38 (1983)-v.46 (1991)  |t 0  |l Remote Storage